Teatro español de los 80 / (Record no. 185837)
[ view plain ]
| 000 -LEADER | |
|---|---|
| campo de control de longitud fija | 01064nam a2200301 i 4500 |
| 001 - NÚMERO DE CONTROL | |
| campo de control | 185837 |
| 003 - IDENTIFICADOR DE NÚMERO DE CONTROL | |
| campo de control | ES-MaACL |
| 005 - FECHA Y HORA DE LA ÚLTIMA TRANSACCIÓN | |
| campo de control | 20251012202555.0 |
| 008 - DATOS DE LONGITUD FIJA--INFORMACIÓN GENERAL | |
| campo de control de longitud fija | 160816s1985 sp |||| | spa d |
| 020 ## - NÚMERO INTERNACIONAL ESTÁNDAR DEL LIBRO | |
| Número Internacional Estándar del Libro | 84-245-0413-5 |
| 040 ## - FUENTE DE CATALOGACIÓN | |
| Centro/agencia transcriptor | ES-MaACL |
| 245 00 - MENCIÓN DEL TÍTULO | |
| Título | Teatro español de los 80 / |
| Mención de responsabilidad, etc. | [entrevistadores], Fermín Cabal y José Luis Alonso de Santos. |
| 260 ## - PUBLICACIÓN, DISTRIBUCIÓN, ETC. | |
| Lugar de publicación, distribución, etc. | Madrid : |
| Nombre del editor, distribuidor, etc. | Fundamentos, |
| Fecha de publicación, distribución, etc. | 1985. |
| 300 ## - DESCRIPCIÓN FÍSICA | |
| Extensión | 265 p. ; |
| Dimensiones | 20 cm. |
| 490 1# - MENCIÓN DE SERIE | |
| Mención de serie | Colección Arte. |
| Designación de volumen o secuencia | 94. |
| Mención de serie | Serie Teatro |
| 504 ## - NOTA DE BIBLIOGRAFÍA, ETC. | |
| Nota de bibliografía, etc. | Bibliografía: p. 245-265. |
| 650 #4 - PUNTO DE ACCESO ADICIONAL DE MATERIA--TÉRMINO DE MATERIA | |
| Término de materia o nombre geográfico como elemento de entrada | Teatro español- |
| Subdivisión cronológica | S.XX- |
| Subdivisión general | Historia y crítica. |
| 9 (RLIN) | 17361 |
| 650 #4 - PUNTO DE ACCESO ADICIONAL DE MATERIA--TÉRMINO DE MATERIA | |
| Término de materia o nombre geográfico como elemento de entrada | Españoles- |
| Subdivisión de forma | Entrevistas. |
| 9 (RLIN) | 167822 |
| 655 #0 - TERMINO DE INDIZACIÓN--GENERO/FORMA | |
| 9 (RLIN) | 234232 |
| Datos o término principal de género/forma | Entrevistas |
| 700 1# - ENTRADA AGREGADA--NOMBRE PERSONAL | |
| Nombre de persona | Cabal, Fermín, |
| Fechas asociadas al nombre | 1948- |
| 9 (RLIN) | 33061 |
| 700 1# - ENTRADA AGREGADA--NOMBRE PERSONAL | |
| Nombre de persona | Alonso de Santos, José Luis, |
| Fechas asociadas al nombre | 1942- |
| 9 (RLIN) | 20291 |
| 830 00 - PUNTO DE ACCESO ADICIONAL DE SERIE-TÍTULO UNIFORME | |
| Título uniforme | Colección Arte (Editorial Fundamentos) |
| Designación de volumen o secuencia | 94 |
| 9 (RLIN) | 235717 |
| 830 00 - PUNTO DE ACCESO ADICIONAL DE SERIE-TÍTULO UNIFORME | |
| Título uniforme | Colección Arte (Editorial Fundamentos) |
| 9 (RLIN) | 235717 |
| 852 ## - LOCALIZACIÓN | |
| Ubicación | ES-MaACL |
| Número de control de estantería | L-8465 |
| 942 ## - ELEMENTOS DE ENTRADA SECUNDARIOS (KOHA) | |
| Tipo de ítem Koha | Libro impreso |
| Estatus retirado | Estado de pérdida | Estado de daño | No para préstamo | Biblioteca de origen | Biblioteca actual | Ubicación en estantería | Fecha de adquisición | Fuente de adquisición | Total de préstamos | Signatura topográfica completa | Código de barras | Visto por última vez | Precio de reemplazo | Tipo de ítem Koha |
|---|---|---|---|---|---|---|---|---|---|---|---|---|---|---|
| Biblioteca del Ateneo de Madrid | Biblioteca del Ateneo de Madrid | Depósito 2 | 16/08/2016 | L-8465 | 1195896 | 23/02/2023 | 23/02/2023 | Libro impreso |
